000 00832nam a2200205 a 4500
001 59431
005 20180714060356.0
008 140415s2007 ag 000 0 spa d
020 _a9789875381988
041 _aspa
082 _a612.6
_bVIL
100 1 _aVILLA, ALEJANDRO
245 1 0 _aCUERPO, SEXUALIDAD Y SOCIALIZACION
250 _a1a ed.
260 _aARGENTINA :
_bNOVEDADES EDUCATIVAS,
_c2007
300 _a166
_c15.5 x 2.8 x 22.5
520 _aESTA OBRA PROPONE NUEVOS ENFOQUES DE INVESTIGACIÓN EN SALUD REPRODUCTIVA, SEXUALIDAD, RELACIONES DE GÉNERO Y DE GENERACIÓN. ANALIZA LAS PRÁCTICAS EN LAS ESCUELAS, TRANSMITIENDO EXPERIENCIAS DE IMPLEMENTACIÓN DE PROGRAMAS DE INTERVENCIÓN Y CAPACITACIÓN.
650 1 4 _aSEXUALIDAD
_xREPRODUCCION
_xSALUD
740 _aCUERPO, SEXUALIDAD Y SOCIALIZACION:
999 _c59431
_d59431